Impact of the Directive on Equal Treatment between Men and Woman on the Insurance Market in Slovakia

Dopad Nariadenia Európskej rady o rovnakom zaobchádzaní s mužmi a ženami na poistný trh na Slovensku.

Gespeichert in:
Bibliographische Detailangaben
1. Verfasser: Pastoráková, Erika, 1972-
Format: Buchkapitel
Sprache:Englisch
Schlagworte:
Tags: Tag hinzufügen
Keine Tags, Fügen Sie das erste Tag hinzu!

MARC

LEADER 00000naa$a2200000$$$4500
001 0179266
005 20240502083422.3
041 0 |a eng 
044 |a PL 
245 1 0 |a Impact of the Directive on Equal Treatment between Men and Woman on the Insurance Market in Slovakia  |c Erika Pastoráková 
520 |a Dopad Nariadenia Európskej rady o rovnakom zaobchádzaní s mužmi a ženami na poistný trh na Slovensku. 
610 2 0 |a rovnosť rodová 
610 2 0 |a smernice 
610 2 0 |a Európska rada 
610 2 0 |a trh poistný 
610 2 0 |a Slovensko 
100 1 |a Pastoráková, Erika, 1972-